MARC

Tag First Indicator Second Indicator Subfields
LEADER 00000pam a2200000 a 4500
001 in00000552521
005 20151014052629.0
008 841106r1984 maub b 00110 eng
010 |a  84072722  
020 |a 0871130130 
035 |a (OCoLC)11443884 
035 |9 ACJ9688AM 
039 0 |a 2  |b 3  |c 3  |d 3  |e 3 
040 |a DLC  |c DLC  |d TXA  |d UtOrBLW 
043 |a n-cn---  |a n-cnm--  |a n-usn-- 
049 |a TXAM  |c [A08369049] 
050 0 0 |a QL84.24  |b .M69 1984 
082 0 |a 596  |2 19 
100 1 |a Mowat, Farley. 
245 1 0 |a Sea of slaughter /  |c Farley Mowat. 
250 |a 1st American ed. 
264 1 |a Boston :  |b Atlantic Monthly Press,  |c [1984] 
264 4 |c ©1984 
300 |a 438 pages :  |b map ;  |c 24 cm. 
336 |a text  |b txt  |2 rdacontent 
337 |a unmediated  |b n  |2 rdamedia 
338 |a volume  |b nc  |2 rdacarrier 
500 |a Includes index. 
504 |a Bibliography: pages 406-415. 
650 0 |a Endangered species  |z Canada. 
650 0 |a Endangered species  |z Maritime Provinces. 
650 0 |a Endangered species  |z New England. 
650 0 |a Nature  |x Effect of human beings on  |z Canada. 
650 0 |a Nature  |x Effect of human beings on  |z Maritime Provinces. 
650 0 |a Nature  |x Effect of human beings on  |z New England. 
999 |a MARS 
999 f f |s c036bf7a-8b52-3d7a-b990-120e80d4cff5  |i 0de300fc-0af0-38e7-8e11-36865f71d12e  |t 0 
952 f f |p ric  |a Texas A&M University  |b Rellis Campus  |c Joint Library Facility  |d Remote Storage  |t 0  |e QL84.24 .M69 1984  |h Library of Congress classification  |i unmediated -- volume  |m A14808369049 
998 f f |a QL84.24 .M69 1984  |t 0  |l Remote Storage